BD Chaurasia's Human Anatomy (Record no. 8571)
[ view plain ]
| 000 -LEADER | |
|---|---|
| fixed length control field | 00368nam a22001337a 4500 |
| 008 - FIXED-LENGTH DATA ELEMENTS--GENERAL INFORMATION | |
| fixed length control field | 200318b ||||| |||| 00| 0 eng d |
| 020 ## - INTERNATIONAL STANDARD BOOK NUMBER | |
| International Standard Book Number | 9789388902748 |
| 100 ## - MAIN ENTRY--PERSONAL NAME | |
| Personal name | Garg, Krishna (ed) |
| 245 ## - TITLE STATEMENT | |
| Title | BD Chaurasia's Human Anatomy |
| 250 ## - EDITION STATEMENT | |
| Edition statement | 8th |
| Remainder of edition statement | 2019 |
| 260 ## - PUBLICATION, DISTRIBUTION, ETC. (IMPRINT) | |
| Place of publication, distribution, etc | New Delhi |
| Name of publisher, distributor, etc | CBS Publishers & Distributors |
| 650 ## - SUBJECT ADDED ENTRY--TOPICAL TERM | |
| Topical term or geographic name as entry element | Human Anatomy and Physiology |
| 942 ## - ADDED ENTRY ELEMENTS (KOHA) | |
| Source of classification or shelving scheme | Dewey Decimal Classification |
| Koha item type | Text Books |
| Withdrawn status | Lost status | Source of classification or shelving scheme | Damaged status | Not for loan | Collection code | Home library | Current library | Date acquired | Source of acquisition | Currency | Cost, normal purchase price | Serial Enumeration / chronologySerial Enumeration / Volume No. | Bill Number | Total Checkouts | Full call number | Acc. no. / Barcode | Date last seen | Copy number | Actual Cost, discounted price | Bill Date | Koha item type | Date last borrowed |
|---|---|---|---|---|---|---|---|---|---|---|---|---|---|---|---|---|---|---|---|---|---|---|
| Dewey Decimal Classification | B.Pharma | PIET C-LIBRARY | PIET C-LIBRARY | 07/01/2020 | Kirti Prakashan | IN Rupees | 695.00 | 2nd | IN5980 | 612 GAH | BP238 | 18/03/2020 | 1 | 451.75 | 07/01/2020 | Reference Books | ||||||
| Dewey Decimal Classification | B.Pharma | PIET C-LIBRARY | PIET C-LIBRARY | 07/01/2020 | Kirti Prakashan | IN Rupees | 695.00 | 2nd | IN5980 | 4 | 612 GAH | BP239 | 10/04/2026 | 2 | 451.75 | 07/01/2020 | Text Books | 08/04/2026 | ||||
| Dewey Decimal Classification | B.Pharma | PIET C-LIBRARY | PIET C-LIBRARY | 07/01/2020 | Kirti Prakashan | IN Rupees | 695.00 | 2nd | IN5980 | 612 GAH | BP240 | 18/03/2020 | 3 | 451.75 | 07/01/2020 | Text Books |